Among Us Abilities - Statistics

General Stats
  • This quiz has been taken 14 times
  • The average score is 2 of 5
Answer Stats
Answer % Correct
Security Cameras
100%
Admin
58%
Vitals
33%
Doorlog
17%
Meeting Button
8%
No matching quizzes found
Score Distribution
Percent of People with Each Score
Percentile by Number Answered
Your Score History
You have not taken this quiz